Notes and spiders, mainly cave-dwelling of southern Mexico and Guatemala (<Araneae>) (Registro nro. 10048)

Detalles MARC
000 -CABECERA
Campo de control 007820000a22002290004500
090 ## - CLASIFICACIÓN LOCAL
Colección AR
Consecutivo 00960
041 0# - IDIOMA
Código de idioma para texto/pista de sonido o título separado
100 1# - ASIENTO PRINCIPAL--NOMBRE PERSONAL
Nombre personal Brignoli, Paolo Marcello
245 10 - MENCION DE TITULO
Título Notes and spiders, mainly cave-dwelling of southern Mexico and Guatemala (<Araneae>)
650 14 - ASIENTO SECUNDARIO DE MATERIA - TERMINO TEMATICO
Término temático o nombre geográfico como elemento de entrada Entomología
650 14 - ASIENTO SECUNDARIO DE MATERIA - TERMINO TEMATICO
Término temático o nombre geográfico como elemento de entrada Cavernas
650 14 - ASIENTO SECUNDARIO DE MATERIA - TERMINO TEMATICO
Término temático o nombre geográfico como elemento de entrada Bioespeleología
651 #4 - ASIENTO SECUNDARIO DE MATERIA - NOMBRE GEOGRAFICO
-- México
651 #4 - ASIENTO SECUNDARIO DE MATERIA - NOMBRE GEOGRAFICO
-- Guatemala
653 ## - TERMINO DE INDIZACION - NO CONTROLADO
-- Dipluridae
-- Euagrus
-- Euagrus lynceus
653 ## - TERMINO DE INDIZACION - NO CONTROLADO
-- Scitodidae
-- Loxsosceles
-- Loxosceles yucatana
653 ## - TERMINO DE INDIZACION - NO CONTROLADO
-- Pholcidae
-- Coryssocnemis
-- Coryssocnemis pecki
653 ## - TERMINO DE INDIZACION - NO CONTROLADO
-- Pholcidae
-- Modisimus
-- Modisimus propinquus
653 ## - TERMINO DE INDIZACION - NO CONTROLADO
-- Pholcidae
-- Modisimus
-- Modisimus tzotzile
773 1# - Item fuente:
Título Preprint
Especificación de materiales 3
Paginas del Articulo 1-1
Lugar, editorial y fecha de publicación 1975?
942 ## - ELEMENTOS ADICIONALES (KOHA)
Tipo de ítem Artículo
Existencias
Withdrawn status Lost status Damaged status No para préstamo Colección Ubicación Permanente Ubicación actual Fecha de adquisición Fuente de Valor Datos de publicación Seriada Total Checkouts Número topográfico Inventario / Código de Barras Date last seen Ejemplar Price effective from Forma de adquisición Tipo de material
      No para Préstamo Hemeroteca Bogotá Bogotá 27/02/2015 Muñoz Saba, Yaneth Fuera de circulación   AR 00960 011259 25/03/2015 1 25/03/2015   Artículo